From Croatia to Cape Town : the future of the World Archaeological Congress /

'Ruffled feathers' seem to be part of the world Archaeological Congerss. Here we present two different assessments of the forthcoming World Archaelogical Congress in Cape Town in JanuaryÐone from an observer, Willy Kitchen, and one frm the WAC Secretary, Julian Thomas, which set out some of the idea...

Full description

Bibliographic Details
Main Author: Kitchen, Willy
Format: Analitica de revista
Language:English
Subjects:

MARC

LEADER 00000cab a2200000 a 4500
001 025487
003 UAHC_CL
005 20180807114845.0
008 050614b xx j 000 1 eng
952 |0 0  |1 0  |4 0  |6 ANTIQUITY_278_98_000000000000000  |7 0  |8 General  |9 51650  |a BC  |b BC  |c General  |d 2017-08-03  |l 0  |o ANTIQUITY-278/98  |p FICTICIO451  |r 2019-01-08 00:00:00  |t 1  |w 2017-08-03  |y REVA 
999 |c 25487  |d 25487 
040 |a UAHC_CL  |c UAHC_CL  |d UAHC_CL 
100 1 |a Kitchen, Willy 
245 1 0 |a From Croatia to Cape Town :  |b the future of the World Archaeological Congress /  |c Willy Kitchen. 
500 |a Antiquity 72 (1998): 747Ð750 
520 |a 'Ruffled feathers' seem to be part of the world Archaeological Congerss. Here we present two different assessments of the forthcoming World Archaelogical Congress in Cape Town in JanuaryÐone from an observer, Willy Kitchen, and one frm the WAC Secretary, Julian Thomas, which set out some of the ideals and current realities of this highly political enterprise. 
653 |a ANTROPOLOGIA 
773 0 |t Anthropology Today.  |w 025359 
900 |a ANTIQUITY-278/98 
942 |c REVA  |2 ddc